000 00320nam a22001457a 4500
008 230613b ||||| |||| 00| 0 eng d
020 _a9780135198001
041 _aeng
080 _26TH EDITION
_a159.9
082 _a159.9WHI
100 _a25
101 _aPSI
245 _aPSYCHOLOGY
_cWHITE .N.J
942 _2udc
_cBK
999 _c59954
_d59954